00671nam a22001937a 450000500170000001000150001702000260003203500140005803700090007208200110008110000250009224500380011726000380015527000650019330000200025894200250027899900190030395201550032220241127154212.0 aENG-142661 a9789357941389c250.00 aEN-126193 bDBAD a615.32 aKhatri, Vikas974154 aFlower Therapy /cBy Vikas Khatri aNew DelhibV & S Publishersc2019 aF-2/16, Ansari road, Daryaganj, New DelhibNew Delhie110002 a144p.c21cm(pb) 2ddccENmKHAh615.32 c207091d207091 001040708NFICaMPbMPd2024-11-27eDelivery of Books Act Divisiong250.00l0oKHA 615.32pEN-126193r2024-11-27 00:00:00t1v250.00w2024-11-27yEN